| 000 | 00497nam a2200193Ia 4500 | ||
|---|---|---|---|
| 003 | GCL | ||
| 008 | 140319s9999 xx 000 0 eng d | ||
| 040 |
_aGCL / _cGCL |
||
| 082 | 0 | 4 |
_a615.32 _bW P |
| 100 | 1 | _aWILLIAMS, J.T. | |
| 245 | 1 | 0 |
_aPULSES AND VEGETABLES / _cWILLIAMS, J.T. |
| 260 |
_a[S.N] : _bCHAPMAN AND HALL MEDICAL ، _c1993 |
||
| 300 | _a247 | ||
| 650 | 0 | 4 | _aECOLOGY |
| 650 | 0 | 4 | _aVEGETABLES |
| 650 | 0 | 4 | _aBOTANY - CLASSIFICATION |
| 650 | 0 | 4 | _aBOTANY - ANATOMY |
| 942 |
_2ddc _cBK |
||
| 999 |
_c14950 _d14950 |
||